[Event "EYCC Open-U18 2019"]
[Site "Bratislava"]
[Date "2019.08.09"]
[Round "8.3"]
[White "Hakobyan, Aram"]
[Black "Nguyen, Thai Dai Van"]
[Result "0-1"]
[WhiteElo "2568"]
[BlackElo "2535"]
[Annotator "ChessBase"]
[PlyCount "156"]
[EventDate "2019.08.02"]
[EventType "swiss"]
[EventCountry "SVK"]
[SourceTitle "playchess.com"]
[Source "ChessBase"]
[SourceQuality "1"]
[TimeControl "40/5400+30:1800+30"]

1. Nf3 {[%emt 0:00:00]} d5 {[%emt 0:00:00]} 2. g3 {[%emt 0:00:00]} Nf6 {[%emt 0:00:06]} 3. Bg2 {[%emt 0:00:07]} e6 {[%emt 0:00:05]} 4. O-O {[%emt 0:00:33]} Be7 {[%emt 0:00:03]} 5. d3 {[%emt 0:01:01]} c5 {[%emt 0:00:55]} 6. e4 {[%emt 0:00:02]} Nc6 {[%emt 0:04:51]} 7. Bf4 {[%emt 0:00:06]} O-O {[%emt 0:06:54]} 8. Ne5 {[%emt 0:01:58]} Nxe5 {[%emt 0:08:51]} 9. Bxe5 {[%emt 0:00:03]} Nd7 {[%emt 0:09:56]} 10. Bc3 {[%emt 0:00:03]} d4 {[%emt 0:00:47]} 11. Bd2 {[%emt 0:00:02]} Rb8 {[%emt 0:01:30]} 12. a4 {[%emt 0:01:53]} b6 {[%emt 0:00:17]} 13. Na3 {[%emt 0:01:10]} Bb7 {[%emt 0:02:32]} 14. Nc4 {[%emt 0:03:09]} a6 {[%emt 0:04:12]} 15. f4 {[%emt 0:13:46]} b5 {[%emt 0:02:12]} 16. Ne5 {[%emt 0:01:46]} Bd6 {[%emt 0:16:51]} 17. Nxd7 {[%emt 0:18:24]} Qxd7 {[%emt 0:00:02]} 18. axb5 {[%emt 0:00:30]} axb5 {[%emt 0:00:14]} 19. Ra7 {[%emt 0:00:31]} c4 {[%emt 0:07:23]} 20. f5 {[%emt 0:06:50]} c3 {[%emt 0:12:44]} 21. Bc1 {[%emt 0:04:05]} Bc5 {[%emt 0:00:41]} 22. f6 {[%emt 0:10:42]} g6 {[%emt 0:01:58]} 23. Ra2 {[%emt 0:07:02]} Ra8 {[%emt 0:00:57]} 24. Rxa8 {[%emt 0:00:22]} Rxa8 {[%emt 0:00:04]} 25. b3 {[%emt 0:02:39]} Ra1 {[%emt 0:04:01]} 26. Qg4 {[%emt 0:01:20]} Ra2 {[%emt 0:00:38]} 27. Qe2 {[%emt 0:00:57]} e5 {[%emt 0:00:47]} 28. Bh6 {[%emt 0:03:46]} Bc8 {[%emt 0:00:41]} 29. h3 {[%emt 0:01:23]} Qa7 {[%emt 0:02:25]} 30. Qd1 {[%emt 0:07:57]} Be6 {[%emt 0:00:26]} 31. h4 {[%emt 0:06:16]} Bf8 {[%emt 0:02:22]} 32. Bxf8 {[%emt 0:01:51]} Kxf8 {[%emt 0:00:01]} 33. Qc1 {[%emt 0:00:23]} Ke8 {[%emt 0:01:09]} 34. Qg5 {[%emt 0:00:58]} Qc5 {[%emt 0:01:05]} 35. Rc1 {[%emt 0:00:23]} h5 {[%emt 0:02:20]} 36. Kh2 {[%emt 0:01:08]} Kd7 {[%emt 0:00:41]} 37. Bh3 {[%emt 0:00:43]} Bxh3 {[%emt 0:00:54]} 38. Kxh3 {[%emt 0:00:02]} Qd6 {[%emt 0:00:28]} 39. Kg2 {[%emt 0:01:25]} Qe6 {[%emt 0:00:26]} 40. Kg1 {[%emt 0:00:00]} Kc6 {[%emt 0:00:00]} 41. Kg2 {[%emt 0:05:08]} Kd6 {[%emt 0:18:00]} 42. Qh6 {[%emt 0:01:48]} Ra8 {[%emt 0:03:14]} 43. Rf1 {[%emt 0:00:07]} Qg4 {[%emt 0:02:53]} 44. Qc1 {[%emt 0:00:44]} Qe2+ {[%emt 0:05:55]} 45. Rf2 {[%emt 0:00:18]} Qe3 {[%emt 0:00:26]} 46. Qd1 {[%emt 0:00:51]} Kc6 {[%emt 0:00:41]} 47. Re2 {[%emt 0:01:29]} Qh6 {[%emt 0:00:46]} 48. Qf1 {[%emt 0:00:23]} Kb7 {[%emt 0:00:56]} 49. Kh2 {[%emt 0:00:33]} Ra6 {[%emt 0:00:40]} 50. Qh3 {[%emt 0:01:29]} Kc7 {[%emt 0:00:23]} 51. Qf1 {[%emt 0:00:14]} Qh8 {[%emt 0:01:54]} 52. Rf2 {[%emt 0:01:15]} Qa8 {[%emt 0:00:12]} 53. Qc1 {[%emt 0:00:52]} Ra1 {[%emt 0:00:17]} 54. Qh6 {[%emt 0:02:35]} Rd1 {[%emt 0:01:28]} 55. Qg7 {[%emt 0:00:44]} Qe8 {[%emt 0:00:43]} 56. Kg2 {[%emt 0:00:35]} Kd6 {[%emt 0:00:18]} 57. Qh6 {[%emt 0:00:54]} Qa8 {[%emt 0:00:25]} 58. Kh2 {[%emt 0:01:57]} Ke6 {[%emt 0:03:12]} 59. Kg2 {[%emt 0:02:18]} Kd6 {[%emt 0:00:01]} 60. Kh2 {[%emt 0:00:14]} Qe8 {[%emt 0:00:11]} 61. Kg2 {[%emt 0:01:41]} Kc5 {[%emt 0:00:04]} 62. Rf1 {[%emt 0:07:38]} Rxf1 {[%emt 0:00:27]} 63. Kxf1 {[%emt 0:00:04]} Kb4 {[%emt 0:00:40]} 64. Qc1 {[%emt 0:00:34]} Qe6 {[%emt 0:00:44]} 65. Kg2 {[%emt 0:00:25]} Qg4 {[%emt 0:01:06]} 66. Kf2 {[%emt 0:03:55]} Qh3 {[%emt 0:01:09]} 67. Qg1 {[%emt 0:00:01]} Qe6 {[%emt 0:01:06]} 68. Qa1 {[%emt 0:00:01]} Qxf6+ {[%emt 0:00:06]} 69. Kg2 {[%emt 0:00:06]} Qd6 {[%emt 0:00:55]} 70. Qa8 {[%emt 0:00:46]} f5 {[%emt 0:00:31]} 71. Kf3 {[%emt 0:00:12]} Qf6 {[%emt 0:01:30]} 72. exf5 {[%emt 0:00:25]} gxf5 {[%emt 0:00:55]} 73. Ke2 {[%emt 0:02:15]} f4 {[%emt 0:00:24]} 74. Qg8 {[%emt 0:03:01]} fxg3 {[%emt 0:00:45]} 75. Qxg3 {[%emt 0:00:01]} Ka3 {[%emt 0:00:37]} 76. b4 {[%emt 0:00:31]} Qf4 {[%emt 0:00:23]} 77. Qg8 {[%emt 0:00:29]} Qe3+ {[%emt 0:00:07]} 78. Kf1 {[%emt 0:00:05]} Qc1+ {[%emt 0:00:03]} 0-1

[Event "EYCC Open-U18 2019"]
[Site "Bratislava"]
[Date "2019.08.09"]
[Round "8.4"]
[White "Pantzar, Milton"]
[Black "Engel, Luis"]
[Result "0-1"]
[WhiteElo "2357"]
[BlackElo "2509"]
[Annotator "TA"]
[PlyCount "84"]
[EventDate "2019.08.02"]
[EventType "swiss"]
[EventCountry "SVK"]
[SourceTitle "playchess.com"]
[Source "ChessBase"]
[SourceQuality "1"]

{[%evp 15,84,0,-5,-16,-12,-11,-23,-18,-16,-29,-14,-16,0,15,43,43,33,30,68,56,84,57,96,67,62,0,0,0,0,0,7,0,13,5,4,4,10,0,-10,-10,0,-7,0,0,0,-12,-39,-27,0,-135,-125,-244,-212,-250,-242,-331,-345,-347,-333,-364,-357,-364,-349,-458,-451,-467,-464,-622,-591,-568,-543]} 1. d4 Nf6 2. c4 e6 3. Nc3 Bb4 4. e3 O-O 5. Bd3 d5 6. cxd5 exd5 7. Nge2 Re8 8. O-O Bd6 9. Nf4 {E48: Nimzo-Indian: Rubinstein: 5 Bd3 d5 including 6 Ne2, but excluding 6 a3} (9. Bd2 c6 10. f3 c5 11. Rc1 a6 12. Kh1 Nc6 13. Bb1 cxd4 14. exd4 Nh5 15. g3 g6 16. Bh6 Be6 {½-½ (24) Ivanchuk,V (2677)-Sevian,S (2666) Havana 2019}) 9... c6 10. f3 b6 11. Kh1 {Black has an edge.} Ba6 $146 ({Predecessor:} 11... Qc7 12. g4 Bxf4 13. exf4 Ba6 14. f5 Bxd3 15. Qxd3 Nbd7 16. Ne2 c5 {1-0 (29) Peralta,F (2559)-Melia,S (2404) Caleta 2018}) 12. g4 Bxd3 13. Qxd3 Bxf4 14. exf4 Qd6 15. f5 Nbd7 16. Ne2 c5 17. Bf4 Qe7 18. Rf2 cxd4 19. Qxd4 Rac8 {[%cal Ba8c8,Bc8c4,Bc4d4,Bd4d3][%mdl 32]} 20. Ng3 ({Better is} 20. Qd2 $14) 20... Rc4 $11 21. Qd2 Qc5 {[#] And now ...Rxf4! would win.} 22. Raf1 {g5 is the strong threat.} Rd4 23. Qc1 {Strongly threatening g5.} h6 24. b3 Qxc1 25. Bxc1 Rd3 26. Ne2 Ne5 $1 {White should prevent ...Rxf3!} 27. Ng1 d4 $36 {[%mdl 2048] Black is pushing.} 28. Re2 Nc6 29. Rxe8+ Nxe8 30. Ne2 Nf6 31. Kg2 Nb4 32. a3 (32. Nf4 $1 $11 Rc3 33. Bb2) 32... Nc2 $17 33. Nf4 (33. b4 $17 {is a better defense.}) 33... Rxb3 $19 34. Rd1 Nd7 35. Rd2 Ne1+ {[%mdl 64] [#] Double Attack} (35... Nxa3 36. Rxd4 Ne5 37. Nh5 $17) 36. Kf2 Nxf3 37. Rd3 Rxd3 38. Nxd3 Nfe5 ({Less strong is} 38... Nxh2 39. Kg3 $19) 39. Nxe5 Nxe5 {Black is clearly winning.} 40. Ke2 Nxg4 41. Kd3 Nxh2 42. Kxd4 h5 {Accuracy: White = 40%, Black = 68%.} 0-1

[Event "EYCC Open-U18 2019"]
[Site "Bratislava"]
[Date "2019.08.09"]
[Round "8.5"]
[White "Gorshtein, Ido"]
[Black "Gumularz, Szymon"]
[Result "0-1"]
[WhiteElo "2367"]
[BlackElo "2502"]
[Annotator "ChessBase"]
[PlyCount "88"]
[EventDate "2019.08.02"]
[EventType "swiss"]
[EventCountry "SVK"]
[SourceTitle "playchess.com"]
[Source "ChessBase"]
[SourceQuality "1"]
[TimeControl "40/5400+30:1800+30"]

1. c4 {[%emt 0:00:00]} Nf6 {[%emt 0:00:00]} 2. Nc3 {[%emt 0:00:00]} e5 {[%emt 0:00:11]} 3. a3 {[%emt 0:03:39]} Nc6 {[%emt 0:01:44]} 4. e3 {[%emt 0:03:47]} d5 {[%emt 0:00:13]} 5. cxd5 {[%emt 0:00:02]} Nxd5 {[%emt 0:00:07]} 6. Qc2 {[%emt 0:01:24]} Nxc3 {[%emt 0:01:33]} 7. Qxc3 {[%emt 0:02:13]} Bd6 {[%emt 0:03:00]} 8. Bc4 {[%emt 0:14:11]} Qg5 {[%emt 0:03:42]} 9. Kf1 {[%emt 0:06:04]} O-O {[%emt 0:11:39]} 10. d3 {[%emt 0:00:58]} a5 {[%emt 0:15:01]} 11. e4 {[%emt 0:13:25]} Qh5 {[%emt 0:01:04]} 12. Be3 {[%emt 0:00:53]} Kh8 {[%emt 0:13:53]} 13. Ne2 {[%emt 0:03:05]} Bd7 {[%emt 0:02:08]} 14. h3 {[%emt 0:04:34]} Qh4 {[%emt 0:02:20]} 15. g3 {[%emt 0:04:49]} Qh5 {[%emt 0:01:44]} 16. Ke1 {[%emt 0:14:04]} f5 {[%emt 0:06:15]} 17. exf5 {[%emt 0:02:37]} Qxf5 {[%emt 0:00:16]} 18. Bd5 {[%emt 0:01:10]} Nb4 {[%emt 0:01:32]} 19. Be4 {[%emt 0:00:33]} Qf7 {[%emt 0:00:36]} 20. Qd2 {[%emt 0:02:21]} Nd5 {[%emt 0:01:56]} 21. Nc3 {[%emt 0:00:47]} c6 {[%emt 0:00:31]} 22. Rc1 {[%emt 0:01:21]} Rad8 {[%emt 0:00:32]} 23. Bg2 {[%emt 0:00:54]} Bf5 {[%emt 0:02:04]} 24. Ne4 {[%emt 0:03:45]} Bc7 {[%emt 0:00:49]} 25. Bc5 {[%emt 0:00:44]} Rfe8 {[%emt 0:00:14]} 26. Qe2 {[%emt 0:01:11]} b6 {[%emt 0:07:37]} 27. Be3 {[%emt 0:00:06]} c5 {[%emt 0:00:06]} 28. Kf1 {[%emt 0:01:22]} Qg6 {[%emt 0:00:49]} 29. Bf3 {[%emt 0:02:23]} Nf6 {[%emt 0:03:34]} 30. Qc2 {[%emt 0:02:16]} Rf8 {[%emt 0:03:20]} 31. Kg2 {[%emt 0:00:43]} Nd5 {[%emt 0:03:39]} 32. g4 {[%emt 0:02:12]} Bc8 {[%emt 0:00:42]} 33. Rhe1 {[%emt 0:01:47]} Rf7 {[%emt 0:01:57]} 34. Ng3 {[%emt 0:00:59]} Qf6 {[%emt 0:01:47]} 35. Qe2 {[%emt 0:00:40]} Ba6 {[%emt 0:01:45]} 36. Rc4 {[%emt 0:04:28]} Bxc4 {[%emt 0:00:36]} 37. dxc4 {[%emt 0:00:02]} e4 {[%emt 0:00:23]} 38. Bxe4 {[%emt 0:00:32]} Nxe3+ {[%emt 0:02:01]} 39. Qxe3 {[%emt 0:00:06]} Qxb2 {[%emt 0:00:59]} 40. Bd5 {[%emt 0:00:00]} Rff8 {[%emt 0:00:00]} 41. Ne4 {[%emt 0:06:58]} Rde8 {[%emt 0:02:49]} 42. a4 {[%emt 0:03:58]} Qc2 {[%emt 0:05:05]} 43. Bc6 {[%emt 0:04:58]} Re7 {[%emt 0:00:42]} 44. Re2 {[%emt 0:00:14]} Qxc4 {[%emt 0:00:25]} 0-1

[Event "EYCC Open-U18 2019"]
[Site "Bratislava"]
[Date "2019.08.09"]
[Round "8.6"]
[White "Vrolijk, Liam"]
[Black "Maksimovic, Bojan"]
[Result "1/2-1/2"]
[WhiteElo "2478"]
[BlackElo "2326"]
[Annotator "ChessBase"]
[PlyCount "158"]
[EventDate "2019.08.02"]
[EventType "swiss"]
[EventCountry "SVK"]
[SourceTitle "playchess.com"]
[Source "ChessBase"]
[SourceQuality "1"]
[TimeControl "40/5400+30:1800+30"]

1. c4 {[%emt 0:00:00]} g6 {[%emt 0:00:00]} 2. d4 {[%emt 0:00:06]} Bg7 {[%emt 0:00:00]} 3. Nc3 {[%emt 0:00:19]} d6 {[%emt 0:00:00]} 4. e4 {[%emt 0:00:26]} e5 {[%emt 0:00:28]} 5. Nge2 {[%emt 0:00:43]} exd4 {[%emt 0:01:52]} 6. Nxd4 {[%emt 0:00:06]} Nf6 {[%emt 0:00:21]} 7. Be2 {[%emt 0:03:44]} O-O {[%emt 0:00:33]} 8. Be3 {[%emt 0:03:09]} Re8 {[%emt 0:00:19]} 9. f3 {[%emt 0:00:31]} c6 {[%emt 0:03:49]} 10. Bf2 {[%emt 0:03:23]} d5 {[%emt 0:00:51]} 11. exd5 {[%emt 0:02:53]} cxd5 {[%emt 0:00:06]} 12. c5 {[%emt 0:00:31]} Nc6 {[%emt 0:00:10]} 13. O-O {[%emt 0:05:38]} Nh5 {[%emt 0:04:15]} 14. Qd2 {[%emt 0:05:56]} Be5 {[%emt 0:04:07]} 15. g3 {[%emt 0:02:51]} Bh3 {[%emt 0:09:40]} 16. Rfe1 {[%emt 0:07:58]} Qd7 {[%emt 0:09:16]} 17. Rad1 {[%emt 0:05:27]} Rad8 {[%emt 0:01:19]} 18. a3 {[%emt 0:03:30]} Ng7 {[%emt 0:06:41]} 19. b4 {[%emt 0:09:37]} Ne6 {[%emt 0:17:42]} 20. Nb3 {[%emt 0:13:10]} d4 {[%emt 0:08:36]} 21. Ne4 {[%emt 0:00:56]} Bf5 {[%emt 0:06:38]} 22. Bc4 {[%emt 0:01:30]} Bxe4 {[%emt 0:03:38]} 23. Rxe4 {[%emt 0:01:40]} Bf6 {[%emt 0:01:23]} 24. f4 {[%emt 0:01:47]} a6 {[%emt 0:01:42]} 25. Qd3 {[%emt 0:04:53]} Nc7 {[%emt 0:02:18]} 26. Nd2 {[%emt 0:02:26]} Nd5 {[%emt 0:03:32]} 27. Rxe8+ {[%emt 0:01:23]} Rxe8 {[%emt 0:01:32]} 28. Ne4 {[%emt 0:00:43]} Rxe4 {[%emt 0:01:29]} 29. Qxe4 {[%emt 0:00:25]} Nc3 {[%emt 0:00:07]} 30. Qf3 {[%emt 0:00:54]} Nxd1 {[%emt 0:00:18]} 31. Qxd1 {[%emt 0:00:02]} h5 {[%emt 0:02:59]} 32. Qf3 {[%emt 0:01:13]} Ne7 {[%emt 0:03:30]} 33. Bf1 {[%emt 0:03:30]} Nc6 {[%emt 0:01:29]} 34. Qe4 {[%emt 0:01:15]} Kg7 {[%emt 0:00:30]} 35. Be2 {[%emt 0:03:57]} Ne7 {[%emt 0:01:38]} 36. Bf3 {[%emt 0:03:25]} Nc6 {[%emt 0:01:54]} 37. Qd5 {[%emt 0:00:44]} Qe7 {[%emt 0:00:49]} 38. Be4 {[%emt 0:00:37]} Qc7 {[%emt 0:01:01]} 39. Kg2 {[%emt 0:00:19]} Qe7 {[%emt 0:00:16]} 40. h3 {[%emt 0:00:00]} Qc7 {[%emt 0:00:00]} 41. Kf3 {[%emt 0:04:20]} Qe7 {[%emt 0:01:45]} 42. Bd3 {[%emt 0:04:48]} Qc7 {[%emt 0:03:43]} 43. Qd6 {[%emt 0:10:54]} Qc8 {[%emt 0:01:57]} 44. Kg2 {[%emt 0:03:05]} Qe8 {[%emt 0:02:17]} 45. Qd5 {[%emt 0:01:54]} Qc8 {[%emt 0:00:59]} 46. Bc4 {[%emt 0:00:53]} Qc7 {[%emt 0:01:34]} 47. Kf3 {[%emt 0:00:08]} Qe7 {[%emt 0:02:10]} 48. Bb3 {[%emt 0:02:09]} Qc7 {[%emt 0:03:02]} 49. Qd6 {[%emt 0:02:05]} Qc8 {[%emt 0:01:12]} 50. g4 {[%emt 0:01:35]} hxg4+ {[%emt 0:00:08]} 51. hxg4 {[%emt 0:00:01]} Qh8 {[%emt 0:02:51]} 52. Kg2 {[%emt 0:01:24]} Qc8 {[%emt 0:00:39]} 53. Kf3 {[%emt 0:02:44]} Qh8 {[%emt 0:00:18]} 54. Kg2 {[%emt 0:00:05]} Qc8 {[%emt 0:00:04]} 55. Bd1 {[%emt 0:00:05]} Be7 {[%emt 0:04:24]} 56. Qd5 {[%emt 0:01:17]} Qc7 {[%emt 0:02:04]} 57. Kf3 {[%emt 0:00:13]} g5 {[%emt 0:04:52]} 58. Bg3 {[%emt 0:00:24]} gxf4 {[%emt 0:01:28]} 59. Bxf4 {[%emt 0:00:02]} Qd8 {[%emt 0:01:56]} 60. Qxd8 {[%emt 0:04:05]} Bxd8 {[%emt 0:00:07]} 61. Ke4 {[%emt 0:00:44]} Kf8 {[%emt 0:00:53]} 62. Ba4 {[%emt 0:01:11]} Ke8 {[%emt 0:00:42]} 63. Kd5 {[%emt 0:00:25]} Kd7 {[%emt 0:00:05]} 64. Be5 {[%emt 0:00:39]} d3 {[%emt 0:00:40]} 65. Bf4 {[%emt 0:01:39]} Bf6 {[%emt 0:01:17]} 66. Kc4 {[%emt 0:00:59]} Bb2 {[%emt 0:00:25]} 67. Kb3 {[%emt 0:02:48]} Bg7 {[%emt 0:01:16]} 68. Kc4 {[%emt 0:00:27]} Bb2 {[%emt 0:00:31]} 69. Bd2 {[%emt 0:00:53]} Ke6 {[%emt 0:01:22]} 70. Kxd3 {[%emt 0:00:30]} Bxa3 {[%emt 0:01:40]} 71. Bxc6 {[%emt 0:00:43]} bxc6 {[%emt 0:00:02]} 72. Kc3 {[%emt 0:00:02]} a5 {[%emt 0:00:09]} 73. bxa5 {[%emt 0:00:08]} Kd5 {[%emt 0:01:16]} 74. Bg5 {[%emt 0:00:32]} Bxc5 {[%emt 0:00:55]} 75. Bd8 {[%emt 0:00:02]} Bd4+ {[%emt 0:00:39]} 76. Kb4 {[%emt 0:01:25]} c5+ {[%emt 0:01:04]} 77. Kb3 {[%emt 0:00:48]} c4+ {[%emt 0:00:19]} 78. Kb4 {[%emt 0:00:06]} Bc5+ {[%emt 0:00:22]} 79. Kc3 {[%emt 0:00:05]} Bd4+ {[%emt 0:00:04] Kxd4+} 1/2-1/2

[Event "EYCC Open-U18 2019"]
[Site "Bratislava"]
[Date "2019.08.09"]
[Round "8.7"]
[White "Chatzieleftheriou, Andreas"]
[Black "Salemgareev, Tagir"]
[Result "0-1"]
[WhiteElo "2208"]
[BlackElo "2412"]
[Annotator "NA"]
[PlyCount "106"]
[EventDate "2019.08.02"]
[EventType "swiss"]
[EventCountry "SVK"]
[SourceTitle "playchess.com"]
[Source "ChessBase"]
[SourceQuality "1"]
[TimeControl "40/5400+30:1800+30"]

1. e4 {[%emt 0:00:00]} Nf6 {[%emt 0:00:00]} 2. e5 {[%emt 0:00:00]} Nd5 {[%emt 0:00:00]} 3. d4 {[%emt 0:00:06]} d6 {[%emt 0:00:00]} 4. exd6 exd6 {[%emt 0:00:42]} 5. c4 {[%emt 0:01:23]} Nb6 {[%emt 0:00:15]} 6. Nc3 {[%emt 0:00:37]} Nc6 {[%emt 0:01:08]} 7. Nf3 {[%emt 0:02:49]} Bg4 {[%emt 0:01:13]} 8. Be3 {[%emt 0:01:49]} Be7 {[%emt 0:00:57]} 9. b3 {[%emt 0:02:16]} O-O {[%emt 0:00:49]} 10. Be2 {[%emt 0:00:50]} Re8 {[%emt 0:03:46]} 11. O-O {[%emt 0:02:28]} Bf6 {[%emt 0:01:29]} 12. h3 {[%emt 0:09:28]} Bh5 {[%emt 0:01:26]} 13. Qd2 {[%emt 0:02:02]} d5 {[%emt 0:05:28]} 14. c5 {[%emt 0:04:18]} Nc8 {[%emt 0:00:08]} 15. Rfe1 {[%emt 0:04:24]} h6 {[%emt 0:02:52]} 16. Ne5 {[%emt 0:07:21]} Bxe2 {[%emt 0:01:00]} 17. Nxc6 {[%emt 0:00:06]} bxc6 {[%emt 0:00:06]} 18. Nxe2 {[%emt 0:01:32]} Ne7 {[%emt 0:07:59]} 19. Ng3 {[%emt 0:01:59]} Ng6 {[%emt 0:02:09]} 20. Re2 {[%emt 0:05:27]} Nf8 {[%emt 0:05:01]} 21. Rae1 {[%emt 0:11:02]} Bg5 {[%emt 0:11:17]} 22. Bxg5 {[%emt 0:12:10]} Rxe2 {[%emt 0:00:05]} 23. Rxe2 {[%emt 0:00:05]} hxg5 {[%emt 0:00:15]} 24. Nf1 {[%emt 0:00:29]} Ne6 {[%emt 0:11:40]} 25. Nh2 {[%emt 0:00:13]} Nf4 {[%emt 0:02:52]} 26. Re3 {[%emt 0:05:06]} Qd7 {[%emt 0:00:27]} 27. Nf3 {[%emt 0:06:29]} f6 28. Ne1 {[%emt 0:02:15]} Kf7 {[%emt 0:06:30]} 29. Nd3 {[%emt 0:00:12]} Ne6 {[%emt 0:00:19]} 30. Nb4 {[%emt 0:01:17]} Rh8 {[%emt 0:06:14]} 31. Nc2 {[%emt 0:03:38]} Rh4 {[%emt 0:01:04]} 32. Qd1 {[%emt 0:01:51]} Qc8 {[%emt 0:10:19]} 33. a4 {[%emt 0:01:11]} Nf4 {[%emt 0:02:13]} 34. Ne1 {[%emt 0:01:34]} g4 {[%emt 0:03:38]} 35. Nd3 {[%emt 0:01:45]} Ng6 {[%emt 0:00:30]} 36. hxg4 {[%emt 0:03:12]} Qh8 {[%emt 0:00:12]} 37. Rh3 {[%emt 0:00:05]} Rxh3 {[%emt 0:00:04]} 38. gxh3 {[%emt 0:00:06]} Qxh3 {[%emt 0:00:04]} 39. Ne1 {[%emt 0:01:49]} Qc3 {[%emt 0:06:11]} 40. Nf3 {[%emt 0:00:00]} Nf4 {[%emt 0:00:00]} 41. g5 {[%emt 0:08:26]} fxg5 {[%emt 0:08:22]} 42. Nxg5+ {[%emt 0:04:43]} Kf6 {[%emt 0:00:28]} 43. Nf3 {[%emt 0:00:35]} g5 {[%emt 0:00:57]} 44. Ne5 {[%emt 0:07:17]} Qxd4 {[%emt 0:02:05]} 45. Nd7+ {[%emt 0:02:41]} Ke7 {[%emt 0:01:14]} 46. Qxd4 {[%emt 0:00:26]} Ne2+ {[%emt 0:00:05]} 47. Kg2 {[%emt 0:01:08]} Nxd4 {[%emt 0:00:05]} 48. Nb8 {[%emt 0:00:04]} a5 {[%emt 0:06:44]} 49. Kg3 {[%emt 0:02:12]} Kd8 {[%emt 0:00:19]} 50. Kg4 {[%emt 0:00:13]} Kc8 {[%emt 0:00:12]} 51. Na6 {[%emt 0:00:04]} Kb7 {[%emt 0:00:14]} 52. Kxg5 {[%emt 0:00:15]} Kxa6 {[%emt 0:00:11]} 53. f4 {[%emt 0:00:03]} Nxb3 {[%emt 0:00:09]} 0-1

[Event "EYCC Open-U18 2019"]
[Site "Bratislava"]
[Date "2019.08.09"]
[Round "8.8"]
[White "Murzin, Volodar"]
[Black "Levitskiy, Andrey"]
[Result "1-0"]
[WhiteElo "2429"]
[BlackElo "2280"]
[Annotator "NA"]
[PlyCount "167"]
[EventDate "2019.08.02"]
[EventType "swiss"]
[EventCountry "SVK"]
[SourceTitle "playchess.com"]
[Source "ChessBase"]
[SourceQuality "1"]
[TimeControl "40/5400+30:1800+30"]

1. e4 {[%emt 0:00:00]} c5 {[%emt 0:00:00]} 2. Nf3 {[%emt 0:00:00]} d6 {[%emt 0:00:00]} 3. Bb5+ {[%emt 0:00:00]} Nc6 {[%emt 0:00:21]} 4. O-O {[%emt 0:00:00]} Bd7 {[%emt 0:00:03]} 5. Re1 {[%emt 0:00:07]} Nf6 {[%emt 0:00:06]} 6. c3 {[%emt 0:00:48]} a6 {[%emt 0:00:05]} 7. Bf1 {[%emt 0:00:06]} Bg4 {[%emt 0:00:14]} 8. h3 {[%emt 0:00:16]} Bxf3 {[%emt 0:00:11]} 9. Qxf3 {[%emt 0:00:06]} e6 {[%emt 0:00:04]} 10. d3 {[%emt 0:00:33]} Be7 {[%emt 0:00:30]} 11. Nd2 {[%emt 0:00:14]} O-O {[%emt 0:00:38]} 12. Qe2 {[%emt 0:00:15]} d5 {[%emt 0:04:25]} 13. g3 {[%emt 0:00:32]} Re8 {[%emt 0:01:24]} 14. Bg2 {[%emt 0:03:26]} b5 {[%emt 0:01:33]} 15. e5 {[%emt 0:01:34]} Nd7 {[%emt 0:00:23]} 16. f4 {[%emt 0:00:38]} Rb8 {[%emt 0:26:12]} 17. Nf3 {[%emt 0:03:17]} Bf8 {[%emt 0:07:55]} 18. d4 {[%emt 0:05:33]} Qb6 {[%emt 0:03:00]} 19. Be3 {[%emt 0:01:22]} b4 {[%emt 0:01:37]} 20. h4 {[%emt 0:17:36]} bxc3 {[%emt 0:12:16]} 21. bxc3 {[%emt 0:01:02]} Na5 {[%emt 0:02:16]} 22. f5 {[%emt 0:04:04]} exf5 {[%emt 0:07:03]} 23. Ng5 {[%emt 0:04:00]} h6 {[%emt 0:01:38]} 24. Nh3 {[%emt 0:01:49]} cxd4 {[%emt 0:02:30]} 25. cxd4 {[%emt 0:00:21]} Nc4 {[%emt 0:02:38]} 26. Bf2 {[%emt 0:01:28]} Nf6 {[%emt 0:06:05]} 27. Nf4 {[%emt 0:00:46]} Qc6 {[%emt 0:02:15]} 28. Rac1 {[%emt 0:05:23]} Rbc8 {[%emt 0:00:10]} 29. Bh3 {[%emt 0:03:55]} Qd7 {[%emt 0:03:33]} 30. Nh5 {[%emt 0:08:19]} Ne4 {[%emt 0:07:25]} 31. Qf3 {[%emt 0:02:47]} Ncd2 {[%emt 0:00:13]} 32. Qf4 {[%emt 0:01:25]} Rxc1 {[%emt 0:01:41]} 33. Rxc1 {[%emt 0:00:42]} g6 {[%emt 0:00:03]} 34. Qxd2 {[%emt 0:00:42]} gxh5 {[%emt 0:00:43]} 35. Qf4 {[%emt 0:02:16]} Qa4 {[%emt 0:00:55]} 36. Bxf5 {[%emt 0:01:00]} Qxa2 {[%emt 0:01:10]} 37. Bxe4 {[%emt 0:10:06]} dxe4 {[%emt 0:00:01]} 38. Qxe4 {[%emt 0:00:01]} Bg7 {[%emt 0:00:44]} 39. Rc2 {[%emt 0:12:44]} Qb3 {[%emt 0:01:56]} 40. Qc6 {[%emt 0:00:00]} Rb8 {[%emt 0:00:00]} 41. Re2 {[%emt 0:04:16]} Qd3 {[%emt 0:12:22]} 42. Qc2 {[%emt 0:11:47]} Qf3 {[%emt 0:03:22]} 43. Re3 {[%emt 0:00:53]} Qd5 {[%emt 0:00:21]} 44. Ra3 {[%emt 0:00:54]} a5 {[%emt 0:01:20]} 45. Ra1 {[%emt 0:01:33]} Rb3 {[%emt 0:06:25]} 46. Rxa5 {[%emt 0:04:06]} Rxg3+ {[%emt 0:00:28]} 47. Bxg3 {[%emt 0:00:02]} Qxa5 {[%emt 0:00:04]} 48. Qe4 {[%emt 0:01:02]} Qa4 {[%emt 0:02:18]} 49. Bf2 {[%emt 0:00:31]} Qd1+ {[%emt 0:05:30]} 50. Kg2 {[%emt 0:00:12]} Kf8 {[%emt 0:03:35]} 51. Qf3 {[%emt 0:03:07]} Qc2 {[%emt 0:02:49]} 52. Qxh5 {[%emt 0:01:03]} Ke7 {[%emt 0:01:53]} 53. Qg4 {[%emt 0:00:37]} Qc6+ {[%emt 0:00:30]} 54. Kh2 {[%emt 0:00:33]} Qc2 {[%emt 0:00:21]} 55. Qg2 {[%emt 0:01:37]} Kf8 {[%emt 0:01:40]} 56. Bg3 {[%emt 0:04:52]} Qf5 {[%emt 0:00:33]} 57. Qe2 {[%emt 0:03:27]} Qe6 {[%emt 0:00:08]} 58. Qe4 {[%emt 0:01:29]} Qa2+ {[%emt 0:00:22]} 59. Qg2 {[%emt 0:00:51]} Qa1 {[%emt 0:00:50]} 60. Qf2 {[%emt 0:01:09]} Kg8 {[%emt 0:00:23]} 61. Qd2 {[%emt 0:00:35]} Kh7 {[%emt 0:00:49]} 62. Bf4 {[%emt 0:01:55]} Kg8 {[%emt 0:00:16]} 63. Qd3 {[%emt 0:00:40]} Qa2+ {[%emt 0:00:17]} 64. Kg3 {[%emt 0:00:08]} Qa1 {[%emt 0:00:10]} 65. Qe3 {[%emt 0:00:25]} Qd1 {[%emt 0:00:44]} 66. e6 {[%emt 0:01:36]} fxe6 {[%emt 0:00:27]} 67. Qxe6+ {[%emt 0:00:15]} Kh7 {[%emt 0:00:23]} 68. Qe4+ {[%emt 0:00:19]} Kg8 {[%emt 0:00:23]} 69. Qd5+ {[%emt 0:00:55]} Kh8 {[%emt 0:00:46]} 70. Be3 {[%emt 0:00:14]} Qe1+ {[%emt 0:00:22]} 71. Bf2 {[%emt 0:00:08]} Qc3+ {[%emt 0:00:16]} 72. Kg2 {[%emt 0:00:35]} Qd3 {[%emt 0:00:11]} 73. Qe6 {[%emt 0:00:38]} Kh7 {[%emt 0:01:20]} 74. h5 {[%emt 0:01:24]} Qd2 {[%emt 0:00:50]} 75. Qe3 {[%emt 0:02:05]} Qc2 {[%emt 0:00:35]} 76. d5 {[%emt 0:01:15]} Qf5 {[%emt 0:00:08]} 77. Qf3 {[%emt 0:00:07]} Qg5+ {[%emt 0:00:08]} 78. Kh3 {[%emt 0:00:23]} Be5 {[%emt 0:01:10]} 79. Bh4 {[%emt 0:01:04]} Qg7 {[%emt 0:00:04]} 80. Qf5+ {[%emt 0:00:14]} Kg8 {[%emt 0:00:15]} 81. Qg4 {[%emt 0:00:53]} Kf7 {[%emt 0:00:52]} 82. Qe6+ {[%emt 0:00:27]} Kf8 {[%emt 0:00:03]} 83. d6 {[%emt 0:00:10]} Bb2 {[%emt 0:01:18]} 84. Be7+ {[%emt 0:00:10]} 1-0